Barbados Country Quiz - Statistics

General Stats
  • This quiz has been taken 6 times
  • The average score is 6 of 13
Answer Stats
Hint Answer % Correct
Number of Presidents 1
83%
Number of islands 1
83%
Number of official political parties 2
83%
Capital Bridgetown
83%
Main Language English
83%
Former Part of UK
83%
Main Religion Christianity
67%
Independent Since 1966
33%
Currency Barbadian Dollar
33%
Main Ally Canada
0%
Form of Government Parliamentary republic
0%
Main Export Petroleum
0%
Current President Sandra Mason
0%
No matching quizzes found
Score Distribution
Percent of People with Each Score
Percentile by Number Answered
Your Score History
You have not taken this quiz